Les correspondances Métro-RER - Statistiques

Statistiques générales
  • Ce quiz a été pris 155 fois
  • Le résultat moyen est 22 sur 36
Statistiques - réponses
Métro Arrêt % Correct
1, 4, 7, 11 et 14 Châtelet - Les Halles
97%
1, 4, 7, 11 et 14 Châtelet - Les Halles
97%
2, 4 et 5 Gare Du Nord
94%
2, 4 et 5 Magenta
94%
2, 4, 5 et 7 Paris Gare Du Nord
94%
1, 14 Gare De Lyon
93%
1 et 14 Paris Gare de Lyon
93%
3, 7, 8 et 9 Auber
91%
1, 4, 7, 11 et 14 Châtelet - Les Halles
91%
3, 9, 12, 13 et 14 Haussmann
91%
1 La Défense
90%
1 La Défense
90%
1, 2, 6 et 9 Nation
83%
1, 2 et 6 Charles de Gaulle - Etoile
78%
4 et 6 Denfert - Rochereau
75%
10 Saint-Michel - Notre Dame
75%
4 et 10 Saint-Michel - Notre Dame
75%
5 et 10 Paris Austerlitz
62%
14 Bibliothèque François Mitterrand
57%
8 et 13 Invalides
53%
10 Javel
47%
1 Neuilly Porte Maillot
45%
1 Neuilly Porte Maillot
45%
14 Saint Ouen
41%
9 Pont de l'Alma
39%
12 Musée d'Orsay
35%
3 Péreire Levallois
35%
13 et 14 Porte de Clichy
35%
11 Rosny Bois Perrier
34%
14 Stade de France Saint-Denis
33%
2 Avenue Foch
27%
14 Pont de Rungis | Thiais - Orly
27%
9 Boulainvilliers
26%
6 Champ de Mars
26%
7 Ivry sur Seine
23%
9 Avenue Henri Martin
21%
Aucun quiz correspondant
Distribution des résultats
% des personnes avec chaque résultat
Percentile par nombre de réponses
Votre historique - résultats
Vous n’avez pas pris ce quiz